000 00444nam a2200169 i 4500
001 65420
003 ES-MaACL
005 20230906165351.0
007 t|
008 040113s1971 sp |||| | spa d
100 1 _aFresno, Leónides.
_952536
245 1 0 _aCon Dios y contra los dioses /
_cLeónides Fresno.
260 _aLeón :
_b[s.n.],
_c1971.
300 _a123 p. ;
_c22 cm.
852 _aES-MaACL
_jC-38722
852 _aES-MaACL
_jC-47787
999 _c65420
_d65420